| 000 | 00360nam a2200133Ia 4500 | ||
|---|---|---|---|
| 008 | 170516s9999 xx 000 0 und d | ||
| 245 | _aGlycogen Synthase Kinase-3 (GSK-3)-Targeted Therapy and Imaging | ||
| 260 | _bTheranostics | ||
| 260 | _c2016 | ||
| 300 | _a6:4 | ||
| 650 | _xMedical Technology | ||
| 650 | _xMedtech | ||
| 856 | _uhttp://www.thno.org/v6i4 | ||
| 999 |
_c330288 _d330288 |
||